Contries bordering russia- Sudden death - Statistics

General Stats
  • This quiz has been taken 249 times
  • The average score is 7 of 13
Answers on the Grid
Answers color-coded by a green-red scale on the quiz's grid according to % correct below.
Armenia
Azerbaijan
China
Mongolia
South Korea
North Korea
USA
Lithuania
Sweden
Norway
Denmark
Turkmenistan
Japan
Philipines
Ukraine
Turkey
Syria
Cuba
Algeria
Latvia
Estonia
Uzbekistan
Finland
France
Germany
Georgia
Nicaragua
Canada
Poland
Belarus
 
Answer Stats
Answer % Correct
China
84%
Mongolia
80%
Ukraine
56%
North Korea
55%
Azerbaijan
54%
Lithuania
49%
Belarus
47%
Estonia
46%
Finland
45%
Latvia
45%
Norway
45%
Georgia
35%
Poland
35%
No matching quizzes found
Score Distribution
Percent of People with Each Score
Percentile by Number Answered
Your Score History
You have not taken this quiz